000 00535nam a2200181Ia 4500
008 100917s9999 xx 000 0 und d
082 _b529
100 _aगद्रे अनंत हरि
245 _aसं. स्वराज्य सुंदरी
260 _b---
_c1919
300 _a118
365 _b0.75
520 _aनाटक
630 _aसं. स्वराज्य सुंदरी
650 _aनाटक
730 _aसं. स्वराज्य सुंदरी
942 _cBOOK
999 _c605923
_d605920